Les plus petits pays voisins - Statistiques

Statistiques générales
  • Ce quiz a été pris 259 fois
    258 depuis la dernière actualisation
  • Le résultat moyen est 22 sur 28
Statistiques - réponses
Pays ...et plus petit voisin % Correct
France Monaco
97%
Italie Vatican
94%
États-Unis Mexique
91%
Espagne Andorre
90%
Algérie Tunisie
89%
Corée du Nord Corée du Sud
87%
Argentine Uruguay
85%
Chili Bolivie
84%
Ethiopie Djibouti
83%
Mongolie Chine
82%
Perou Équateur
82%
Cambodge Laos
81%
Ghana Togo
81%
République Tchèque Slovaquie
80%
Luxembourg Belgique
78%
Colombie Panama
78%
Syrie Liban
76%
Mexique Belize
74%
Honduras Salvador
74%
Népal Inde
73%
Lituanie Lettonie
73%
Autriche Liechtenstein
73%
Norvège Finlande
71%
Afrique du Sud Swaziland
71%
Nigéria Benin
70%
Russie Estonie
68%
Kenya Ouganda
68%
Egypte Israël
63%
Aucun quiz correspondant
Distribution des résultats
% des personnes avec chaque résultat
Percentile par nombre de réponses
Votre historique - résultats
Vous n’avez pas pris ce quiz depuis la dernière actualisation